000 00298nam a22001337a 4500
008 190304b xxu||||| |||| 00| 0 eng d
020 _a9780070684690
041 _aeng
080 _24th
_a610
100 _a4
101 _aSHM
245 _aThe Common Symptom Guide
_cWasson,J
942 _2udc
_cBK
999 _c54425
_d54425